在空白地图上画出重庆所有县级行政区Counties in Chongqing with an empty map - Statistics

General Stats
  • This quiz has been taken 144 times
  • The average score is 28 of 38
Answers on the Map
Answers color-coded by a green-red scale on the quiz's map according to % correct below.
 
Answer Stats
县级行政区 % Correct
渝中区
96%
渝北区
93%
万州区
91%
江北区
89%
涪陵区
82%
沙坪坝区
82%
巴南区
82%
奉节县
82%
北碚区
81%
巫山县
81%
酉阳土家族苗族自治县
79%
大渡口区
77%
南岸区
77%
大足区
77%
云阳县
77%
江津区
75%
忠县
74%
巫溪县
74%
九龙坡区
72%
合川区
72%
长寿区
70%
璧山区
70%
秀山土家族苗族自治县
70%
武隆区
68%
石柱土家族自治县
68%
黔江区
67%
永川区
67%
南川区
67%
铜梁区
67%
开州区
67%
垫江县
67%
城口县
65%
丰都县
65%
綦江区
63%
荣昌区
63%
潼南区
60%
梁平区
60%
彭水苗族土家族自治县
58%
No matching quizzes found
Score Distribution
Percent of People with Each Score
Percentile by Number Answered
Your Score History
You have not taken this quiz